Polska kadra piłka nożna. - Statystyki

Ogólne statystyki
  • Ten quiz został rozwiązany 2 029 razy
  • Średni wynik to 11 z 27
Statystyki odpowiedzi
% Poprawnych
BRAMKARZ Wojciech Szczęsny
96%
NAPASTNIK Robert Lewandowski
84%
BRAMKARZ Łukasz Fabiański
79%
OBROŃCA Kamil Glik
74%
NAPASTNIK Arkadiusz Milik
71%
POMOCNIK Piotr Zieliński
63%
BRAMKARZ Łukasz Skorupski
62%
OBROŃCA Jan Bednarek
60%
NAPASTNIK Krzysztof Piątek
59%
POMOCNIK Grzegorz Krychowiak
58%
POMOCNIK Kamil Grosicki
49%
OBROŃCA Bartosz Bereszyński
40%
OBROŃCA Maciej Rybus
31%
POMOCNIK Sebastian Szymański
27%
POMOCNIK Mateusz Klich
25%
POMOCNIK Kamil Jóźwiak
23%
OBROŃCA Artur Jędrzejczyk
22%
POMOCNIK Jacek Góralski
21%
POMOCNIK Przemysław Frankowski
21%
OBROŃCA Tomasz Kędziora
21%
OBROŃCA Arkadiusz Reca
20%
NAPASTNIK Dawid Kownacki
20%
OBROŃCA Thiago Cionek
15%
POMOCNIK Krystian Bielik
13%
BRAMKARZ Radosław Majecki
12%
POMOCNIK Damian Kądzior
6%
POMOCNIK Dominik Furman
2%
Nie znaleziono quizów pasujących do podanych kryteriów
Rozkład punktacji
Procent ludzi z każdym wynikiem
Percentyl według liczby udzielonych odpowiedzi
Twoja historia wyników
Nie rozwiązałeś tego quizu